[Event "74th Tata Steel GMA"]
[Site "Wijk aan Zee NED"]
[Date "2012.01.25"]
[Round "10"]
[White "Giri, Anish"]
[Black "Aronian, Levon"]
[Result "0-1"]
[WhiteTitle "GM"]
[BlackTitle "GM"]
[WhiteElo "2714"]
[BlackElo "2805"]
[WhiteFideId "24116068"]
[BlackFideId "13300474"]
[Annotator "Michiel Abeln"]
[EventDate "2012.01.14"]

1. d4 d5 2. c4 e6 3. Nc3 Be7 4. Nf3 Nf6 5. Bf4 O-O 6. e3 Nbd7 {Before the game
Aronian expected Giri to go for a complicated position, to go for a real fight.
} 7. Be2 {but this was a surprise to Aronian, considering he developed this
idea and played it with white in Moscow last year.} dxc4 8. O-O Nb6 (8... c5 9.
dxc5 Nxc5 10. Bxc4 a6 (10... Qxd1 11. Rfxd1 b6 12. Nd4 Bb7 13. f3 (13. Rac1 a6
14. b4 Nce4 15. Nxe4 Bxe4 16. a3 Rfc8 17. f3 Bb7 18. e4 a5 19. Nxe6 axb4 20.
axb4 b5 21. Nc7 bxc4 22. Nxa8 Bxa8 23. Bd6 Kf8 24. Bxe7+ Kxe7 25. Rd4 c3 26.
Rd3 c2 27. Rd2 Nxe4 28. Rdxc2 Rxc2 29. Rxc2 Nd6 30. Kf2 Kd7 31. Ke3 Nb5 32. Rc5
Bc6 33. Kd3 f6 34. Rh5 h6 35. Kc4 Nc7 36. Ra5 Kd6 37. Kd4 g5 38. Ra1 f5 39. h4
f4 40. hxg5 hxg5 41. Rh1 g4 42. fxg4 Bxg2 43. Rh6+ Ne6+ 44. Kd3 Bf3 45. Rf6
Bxg4 46. Ke4 f3 47. Ke3 Ke5 48. Rxf3 Bxf3 {1/2-1/2 Gelfand,B (2744)-Kramnik,V 
(2800)/Moscow RUS 2011/The Week in Chess 890}) 13... Rfc8 14. Rac1 a6 15. a3
Nh5 16. Be5 Nf6 17. Bg3 Kf8 18. e4 Ke8 19. Bf1 g6 20. Bf2 e5 21. Nc2 Nb3 22.
Rb1 b5 23. Ne3 Rd8 24. a4 Nd2 25. axb5 Nxb1 26. Rxb1 Bc5 27. Nc4 Bxf2+ 28. Kxf2
axb5 29. Nxb5 Kf8 30. Nxe5 Bxe4 31. fxe4 Nxe4+ 32. Kg1 Nd2 33. Rc1 Ra2 34. Na3
Rxb2 35. Nac4 Nxc4 36. Nxc4 Rc8 37. Ra1 Rc2 38. Ne5 Rc1 39. Rxc1 Rxc1 {1/2-1/2
Anand,V (2811)-Kramnik,V (2800)/London ENG 2011/The Week in Chess 892}) 11. Nd4
(11. Ne5 Ncd7 12. Be2 Nxe5 13. Bxe5 Qa5 14. Bg3 b5 15. Bf3 Ra7 16. Ne2 Bb7 17.
Bxb7 Rxb7 18. Nd4 Rd7 19. Qc2 Bd6 20. Nc6 Qb6 21. Bxd6 Rxd6 22. Rac1 Kh8 23.
Rfd1 Rxd1+ 24. Qxd1 h6 25. g3 Qc7 26. Rc2 Rc8 27. Qd3 Ng4 28. Rc3 Qb7 29. Qd6
Qa8 30. e4 Nf6 31. f3 a5 32. Qc5 b4 33. Rc4 Qa6 34. b3 Kh7 35. Qd6 a4 36. Rc2
axb3 37. axb3 Qa1+ 38. Kg2 Qb1 39. Qd2 Qxb3 40. Nxb4 Rb8 {1/2-1/2 Aronian,L 
(2802)-Gelfand,B (2744)/Moscow RUS 2011/The Week in Chess 890}) 11... Bd7 12.
a3 Rc8 13. Rc1 Nce4 14. Nxe4 Nxe4 15. Bd3 Rxc1 16. Qxc1 Nf6 17. Rd1 Qb6 18. Bc2
Rc8 19. Qb1 h6 20. Nf3 Be8 21. Be5 Bc6 22. Bd4 Qc7 23. Be5 Qb6 24. Bd4 Qc7 25.
Be5 {1/2-1/2 Aronian,L (2802)-Anand,V (2811)/London ENG 2011/The Week in Chess
892}) (8... Nd5 9. Bxc4 Nxf4 10. exf4 c5 11. dxc5 Qc7 12. g3 Qxc5 13. Qe2 Nb6
14. Bd3 Qh5 15. Qe3 Bf6 16. Ng5 Bxc3 17. bxc3 h6 18. Be2 Qg6 19. Nf3 Qf6 20.
Ne5 Bd7 21. c4 Qe7 22. Qe4 Bc6 23. Nxc6 bxc6 24. Qxc6 Rac8 25. Qe4 Rc7 26. Rfd1
Rfc8 27. Rd4 g6 28. Rad1 Qf6 29. Qc2 Rc5 30. Qb3 Qe7 31. Bf1 R5c7 32. Qb5 Rc5
33. Qb4 R5c7 34. Qxe7 Rxe7 35. Rd8+ Rxd8 36. Rxd8+ Kg7 37. c5 Nd5 38. Bc4 Nf6
39. Rc8 Rd7 40. Bb5 Rd1+ 41. Kg2 Ra1 42. a4 a6 43. Bc6 Rc1 44. Ra8 Rxc5 45.
Rxa6 Rc2 46. a5 Ng4 47. Be8 Kf8 48. Ra8 Rxf2+ 49. Kg1 Ra2 50. Bb5+ Kg7 51. a6
Nxh2 52. Rc8 Nf3+ 53. Kf1 Nd4 54. Bc4 Ra3 55. Rc7 Nf5 56. Bxe6 Rxa6 57. Bxf7
Kf6 58. Bc4 Ne3+ 59. Kf2 Nxc4 60. Rxc4 {1/2-1/2 Aronian,L (2802)-Anand,V (2811)
/Moscow RUS 2011/The Week in Chess 889}) 9. Qc2 {"Not the safest move" - Giri.
He had looked at this position before the game.} ({Aronian did some serious
homework on this line last year, there are a lot of interesting possibilities
still to be explored.} 9. e4) (9. Ne5 {was suggested by Giri as a strong
alternative after the game. "Maximum black gets his equality. Probably it is
just equality."} Nfd5 10. Bg3 c5 {and so on according to Giri.}) (9. Bg3) 9...
Nh5 {"Looked a bit risky to me when I was preparing. I'm not sure it's good,
it doesn't look good." - Giri.} 10. Be5 f6 11. Ng5 ({Perfectly playable but
much less exciting is} 11. Bg3 Nxg3 12. hxg3 Bd7) 11... fxg5 12. Bxh5 Bd7 13.
Bf3 {"A psychological mistake." - Giri.} (13. Bg4 {was Giri's suggestion
instead of Bf3.}) 13... Rxf3 {This exchange sacrifice was studied by Aronian's
second Pashikian and they both thought that the engines are too optimistic for
white.} 14. gxf3 {"I was not sure that the exchange sacrifice is good. If he
takes it OK, I'll take it and I'll win the game, slowly. But then I realised
it is very difficult." - Giri} Bd6 15. Qe4 {Interesting idea from Giri} (15.
Bxd6 cxd6 16. Ne4 Qe7 {and black is ok}) 15... Bc6 16. Qg4 Qe7 17. Bxd6 (17.
Ne4 Bxe5 18. dxe5 h6) 17... cxd6 18. Ne4 $2 {This loses too much time. The key
question for white is how to open lines so his rooks become more powerful. In
the game black wins a few tempi and as a result gets full control} (18. e4 Rf8
19. Qg3) (18. Rac1 h6 19. b3) 18... h6 19. Qg3 $2 (19. Rac1 Rf8 20. b3) 19...
d5 20. Nc3 $6 {This is a bit passive. Giri said that he should try Nc5 here.} (
20. Nc5 {looks dubious but it's not easy to see how black can actually win the
knight}) 20... Rf8 21. Ne2 Rf5 {This is a very powerful prophylaxis move.
White really wanted to open lines for his rooks by playing f4 or h4, now both
moves don't threaten to take on g5 anymore.} 22. Kg2 (22. Kh1 Qf8 23. f4) 22...
Nd7 23. Rh1 $2 {Maybe engines can play this position, but from Giri's moves
you can see he doesn't believe in his position anymore} Nf8 24. h4 Ng6 25. f4
Nxh4+ {game over} 26. Kf1 Qb4 27. Rb1 Be8 28. Nc3 Qe7 29. b4 Rf8 30. Rb2 Bg6
31. Ke1 Bd3 (31... Be4 32. Nxe4 dxe4 {also looks nice for black}) 32. fxg5 Nf3+
33. Kd1 hxg5 34. Qh3 Qf6 35. Kc1 Bg6 36. a4 Rd8 37. Ne2 e5 38. Qg4 exd4 39.
exd4 (39. Nxd4 Ne5) 39... Re8 40. Qd7 c3 41. Ra2 Ne1 {A nice move to finish
things off} 42. Rxe1 Qf4+ 43. Kd1 Qe4 0-1